[Event "GM/IM MIX Swiss "]
[Site "Hotel "]
[Date "2019.04.25"]
[Round "8.7"]
[White "Dimitrijevic, Nenad"]
[Black "Lettieri, Giuseppe"]
[Result "0-1"]
[WhiteElo "2173"]
[BlackElo "2439"]
[PlyCount "162"]
[EventDate "2019.04.20"]

1. d4 Nf6 2. Nc3 d5 3. Bg5 c5 4. e3 Nc6 5. Nf3 Bg4 6. Be2 e6 7. O-O Be7 8. dxc5
Bxc5 9. a3 O-O 10. h3 Bh5 11. Ne1 Bg6 12. Bd3 Ne5 13. Bxg6 Nxg6 14. Nd3 Be7 15.
h4 Ne4 16. Nxe4 dxe4 17. Bxe7 Qxe7 18. h5 Nh4 19. Ne5 f6 20. Qd7 Qxd7 21. Nxd7
Rfc8 22. b4 b6 23. c4 Rxc4 24. Rfc1 Rac8 25. Rxc4 Rxc4 26. Nb8 Rc8 27. Na6 Kf8
28. b5 Nf5 29. Nb4 Rd8 30. Rc1 Ne7 31. Rc4 f5 32. g4 Rd7 33. Kg2 Kf7 34. g5 h6
35. gxh6 gxh6 36. Kg3 Kf6 37. Kh4 Ke5 38. Kg3 Kf6 39. Kh4 e5 40. Rc2 Ke6 41.
Kg3 f4+ 42. Kg4 Rd1 43. exf4 Rg1+ 44. Kh3 exf4 45. Rc4 Kf5 46. Rc7 Kf6 47. Rc4
Rg5 48. Rxe4 Rxh5+ 49. Kg4 Rxb5 50. Rxf4+ Kg6 51. Re4 h5+ 52. Kg3 Rg5+ 53. Kh3
Kf6 54. a4 Rc5 55. Rf4+ Nf5 56. Nd3 Rc3 57. Rf3 Ra3 58. Ne5 Rxa4 59. Nd7+ Kg5
60. Rb3 Ra6 61. Rb5 Kf4 62. Rb3 Nd4 63. Rb4 Ke4 64. Nf6+ Kd3 65. Nxh5 Kc3 66.
Rb1 b5 67. Nf4 Rd6 68. Ra1 a6 69. Kg4 b4 70. Rc1+ Kd2 71. Rc5 b3 72. Nd5 b2 73.
Nc3 Rc6 74. Nb1+ Kd3 75. Rxc6 Nxc6 76. f4 Kc2 77. Na3+ Kb3 78. Nb1 a5 79. f5 a4
80. f6 a3 81. Kf5 Nd8 0-1